Foco y tema: una aproximación discursiva
Sparad:
| Huvudupphovsman: | |
|---|---|
| Materialtyp: | Bok |
| Språk: | spanska |
| Publicerad: |
Bilbao
Universidad del País Vasco
2002
|
| Serie: | Filología y Lingüística, 3
|
| Ämnen: | |
| Taggar: |
Lägg till en tagg
Inga taggar, Lägg till första taggen!
|
MARC
| LEADER | 00000nam a2200000 a 4500 | ||
|---|---|---|---|
| 001 | UCL0400 | ||
| 003 | CL-VaPUC | ||
| 008 | 030711e20020000SP |||||||||||||||||spa|d | ||
| 020 | |a 8483734109 | ||
| 082 | 0 | 4 | |a 401.41 |b GOM |2 21 |
| 100 | 0 | |a Gómez Txurruka, Isabel |e author |9 477077 | |
| 245 | 1 | 0 | |a Foco y tema: una aproximación discursiva |
| 300 | |a 296 p | ||
| 942 | |c BK | ||
| 945 | |d 20030711 00:00:00 |a cmena | ||
| 260 | |a Bilbao |b Universidad del País Vasco |c 2002 | ||
| 650 | 0 | |a Análisis del discurso |9 256696 | |
| 583 | |a last modification |c 20030711 00:00:00 |k Rodrigo Vera | ||
| 490 | 0 | |a Filología y Lingüística, 3 | |
| 999 | |c 304273 |d 304271 | ||
| 952 | |0 0 |1 0 |4 0 |6 401_410000000000000_GOM_2002 |7 0 |8 A |9 366248 |a FDOPOS |b FDOPOS |d 2019-11-21 |i 3920461 |o 401.41 GOM 2002 |p 3920461 |r 2025-01-22 |w 2019-11-21 |y BK |k MLA | ||